000 01799nam a2200253Ia 4500
008 260220t2005||||xx |||||||||||||| ||spa||
020 _a8420546267
040 _aPY-SlUNAC
_bspa
_erda
041 _aspa
082 _a658
_bAl61e
100 _aAlmagro, Juan Jose
_eAutor
245 0 _aÉrase una vez… jefes, jefazos y jefecillos /
_cpor Juan Jose Almagro [Autor]
264 _aMadrid :
_bPearson Educación,
_c℗2005.
300 _a1 volumen
520 _aEn "Érase una vez… jefes, jefazos y jefecillos", Juan José Almagro explora de manera crítica y reflexiva las diversas tipologías de líderes en el entorno laboral, abarcando desde los jefes autoritarios hasta aquellos más democráticos y participativos. A través de un enfoque narrativo, el autor presenta situaciones cotidianas que ilustran cómo las actitudes y comportamientos de los líderes influyen en el clima organizacional y en la motivación de los empleados. Almagro también analiza las consecuencias de un liderazgo ineficaz y propone estrategias que pueden ayudar a los jefes a mejorar su estilo de dirección. Con un lenguaje accesible y ejemplos concretos, el libro invita a los lectores a reflexionar sobre su propia experiencia con jefes y a considerar cómo el liderazgo puede transformarse en una herramienta para el desarrollo personal y profesional. Al final, se plantea la importancia de una gestión humanizada y empática en las organizaciones contemporáneas, destacando el impacto positivo que puede tener en la productividad y el bienestar laboral.
653 _aGestión
653 _aLiderazgo
653 _aOrganización
942 _b2026/02/17
_cBK
999 _c8766
_d8766